00341nam a2200121Ia 4500008004100000041001200041082001100053100001700064245010400081260000600185650000600191700002200197221030s9999 xx 000 0 und d aEnglish a105.23 aM.D. Srinath 0aIntroduction to Statistical Signal Processing with Applicationscby M.D. Srinath, P. K. Rajesekaran c0 aB aP. K. Rajesekaran